000 00400nam a2200157Ia 4500
008 130318s9999 xx 000 0 und d
020 _a71168982
082 _a005.74 RAM/D
100 _aRaghu Ramakrishnan.
245 _aDatabase management systems
260 _bMc Graw Hill
_aBoston
_c2000
300 _a906
650 _aDATABASE MANAGEMENT SYSTEMS
650 _aDBMS
700 _aGehrke, Johannes
999 _c536
_d536